00692nam a2200229Ia 4500003000400000005001700004008004100021020001500062040001800077041000800095082002300103100002200126245007800148250001200226260006700238300001100305650003800316650003200354650003100386700002700417700001800444OSt20230802145230.0210716s2000 xx 000 0 und d a8173661332 cAIMIT LIBRARY aeng a005.4301 21bECKR aEckstein, Robert. aUsing samba /cBy Robert Eckstein , David Collier Brown and Peter Kelly. a1st ed. aMumbai :bShroff Publishers and Distributors Pvt Ltd ,c2000. axv,398 aInstalling samba on a unix system aConfiguring windows clients aUsers security and domains aCollier- Brown, David. aKelly, Peter.